| 000 | 02219cam a22003618a 4500 | ||
|---|---|---|---|
| 999 |
_c11143 _d11143 |
||
| 001 | 17059172 | ||
| 003 | GZU | ||
| 005 | 20240313151909.0 | ||
| 008 | 111123s2013 pau b 001 0 eng | ||
| 010 | _a 2011048699 | ||
| 020 | _a9780808924326 (International ed. : hardcover : alk. paper) | ||
| 022 | _a9781437717815 | ||
| 035 | _a(DNLM)101573511 | ||
| 040 |
_aDNLM/DLC _cDLC _dDLC |
||
| 042 | _apcc | ||
| 050 | 0 | 0 |
_aRB111 _b.KUM 2013 |
| 245 | 0 | 0 |
_aRobbins basic pathology / _c[edited by] Vinay Kumar, Abul K. Abbas, Jon C. Aster. |
| 246 | 1 | _aBasic pathology | |
| 250 | _aNinth edition. | ||
| 260 |
_aPhiladelphia, PA : _bElsevier/Saunders, _cc2013. |
||
| 300 |
_axii, 910 pages : _billustrations (some col.) ; _c29 cm. |
||
| 504 | _aIncludes bibliographical references and index. | ||
| 505 | 0 | _aCell injury, death, and adaptation -- Inflammation and repair -- Fluid and hemodynamic disorders / Richard N. Mitchell -- Diseases of the immune system -- Neoplasia -- Genetic and pediatric diseases / Anirban Maitra -- Environmental diseases -- General pathology of infectious diseases / Alex McAdam, Arlene Sharpe -- The blood vessels / Richard N. Mitchell -- The heart / Richard N. Mitchell -- The hematopoietic and lymphoid system -- The lung and upper respiratory tract / Aliya Noor Husain -- The kidney / Charles E. Alpers -- The oral cavity and gastrointestinal tract / Jerrold Turner, Mark Lingen -- The liver and biliary tract / Neil Theise -- The pancreas / Anirban Maitra -- The male genital system and lower urinary tract / Jonathan Epstein -- The female genital system and breast / Husain Sattar -- The endocrine system / Anirban Maitra -- Bones, joints, and soft tissue tumors / Andrew Rosenberg -- Peripheral nervous system and muscle / Peter Pytel -- The central nervous system and muscle / Matthew P. Frosch -- Skin / Alexander J.F. Lazar, Wei-Lien Wang. | |
| 520 | _a? | ||
| 650 | 0 | _aPathology. | |
| 650 | 1 | 2 | _aPathology. |
| 700 | 1 |
_aKumar, Vinay, _d1944- |
|
| 700 | 1 | _aAbbas, Abul K. | |
| 700 | 1 | _aAster, Jon C. | |
| 700 | 1 |
_aRobbins, Stanley L. _q(Stanley Leonard), _d1915-2003. |
|
| 906 |
_a7 _bcbc _corignew _d1 _eecip _f20 _gy-gencatlg |
||
| 942 |
_2lcc _cBK _eNinth edition _h111 _iRB _kKUM |
||